Welcome to the Holygrace Academy Library

Please use search bar below to get started

CHICKEN SOUP FOR THE GRIEVING SOUL (Record no. 973)

MARC details
000 -LEADER
fixed length control field 00345nam a22001337a 4500
020 ## - INTERNATIONAL STANDARD BOOK NUMBER
ISBN 978-81-87671-35-0
082 ## - DEWEY DECIMAL CLASSIFICATION NUMBER
Classification number 823
Item number CAN/C
100 ## - MAIN ENTRY--AUTHOR NAME
Personal name JACK CANFIELD, MARK VICTOR HANSEN
245 ## - TITLE STATEMENT
Title CHICKEN SOUP FOR THE GRIEVING SOUL
260 ## - PUBLICATION, DISTRIBUTION, ETC. (IMPRINT)
Place of publication DELHI
Name of publisher WELSTLAND LTD
Year of publication 2003
300 ## - PHYSICAL DESCRIPTION
Number of Pages 270
650 ## - SUBJECT ADDED ENTRY--TOPICAL TERM
Topical Term LIFE, DEATH AND OVERCOMING
Geographic subdivision INDIA
942 ## - ADDED ENTRY ELEMENTS (KOHA)
Koha item type Books
Holdings
Withdrawn status Lost status Collection code Home library Current library Shelving location Date acquired Source of acquisition Cost, normal purchase price Full call number Accession Number Koha item type
    Reference Main Library Main Library SHELF-12B-CHICKEN SOUP,ROALD DAH 21/07/2012 purchase 295.00 823 CAN/C 06083 Books